000 00582nam a2200217 a 4500
999 _c5581
_d5581
001 5581
003 BD-JhCC
005 20171218171254.0
008 171218s19901997bg |||| || | 000 0 eng d
035 _a(BD-JhCC)5581
040 _aBD-JhCC
_dBD-JhCC
041 _aeng
082 _a512
_bRAH 1997
100 _aRahman, Md. Abdur
245 _aCollege Higher Algebra With Trigonometry & Set Theory /
_cMd. Abdur Rahman,
260 _aDhaka :
_bNahar Book Depot & Pulblications,
_c1997.
300 _a702 p. :
_c20 cm.
650 _aAlgebra
942 _2ddc
_cBK